El único y su propiedad / (Record no. 128360)

MARC details
000 -LEADER
campo de control de longitud fija 00759nam a2200253 i 4500
001 - NÚMERO DE CONTROL
campo de control 128360
003 - IDENTIFICADOR DE NÚMERO DE CONTROL
campo de control ES-MaACL
005 - FECHA Y HORA DE LA ÚLTIMA TRANSACCIÓN
campo de control 20230906193241.0
007 - CAMPO FIJO DE DESCRIPCIÓN FÍSICA--INFORMACIÓN GENERAL
campo de control de longitud fija t|
008 - DATOS DE LONGITUD FIJA--INFORMACIÓN GENERAL
campo de control de longitud fija 070702s1970 sp ||||1| spa d
080 ## - NÚMERO DE LA CLASIFICACIÓN DECIMAL UNIVERSAL
Número de la Clasificación Decimal Universal 17.035.1
100 1# - ENTRADA PRINCIPAL--NOMBRE DE PERSONA
Nombre de persona Stirner, Max.
9 (RLIN) 108237
245 13 - MENCIÓN DEL TÍTULO
Título El único y su propiedad /
Mención de responsabilidad, etc. Max Stirner ; presentación de David Martín ; [traducción de Eduardo Subirats].
260 ## - PUBLICACIÓN, DISTRIBUCIÓN, ETC.
Lugar de publicación, distribución, etc. Barcelona :
Nombre del editor, distribuidor, etc. Mateu,
Fecha de publicación, distribución, etc. [1970]
300 ## - DESCRIPCIÓN FÍSICA
Extensión 252 p. ;
Dimensiones 20 cm.
490 1# - MENCIÓN DE SERIE
Mención de serie Maldoror ;
Designación de volumen o secuencia 5
650 14 - PUNTO DE ACCESO ADICIONAL DE MATERIA--TÉRMINO DE MATERIA
Término de materia o nombre geográfico como elemento de entrada Egoismo.
9 (RLIN) 12132
650 14 - PUNTO DE ACCESO ADICIONAL DE MATERIA--TÉRMINO DE MATERIA
Término de materia o nombre geográfico como elemento de entrada Individualismo.
9 (RLIN) 13708
700 1# - ENTRADA AGREGADA--NOMBRE PERSONAL
Nombre de persona Martin, David.
9 (RLIN) 77281
700 1# - ENTRADA AGREGADA--NOMBRE PERSONAL
Nombre de persona Subirats, Eduardo.
9 (RLIN) 108696
830 0# - PUNTO DE ACCESO ADICIONAL DE SERIE-TÍTULO UNIFORME
Título uniforme Maldoror ;
Designación de volumen o secuencia 5
9 (RLIN) 186737
852 ## - LOCALIZACIÓN
Ubicación ES-MaACL
Número de control de estantería C-51136
Sublocalización o colección R.75911
Holdings
Estatus retirado Estado de pérdida Estado de daño No para préstamo Biblioteca de origen Biblioteca actual Ubicación en estantería Fecha de adquisición Fuente de adquisición Total de préstamos Signatura topográfica completa Código de barras Visto por última vez Precio de reemplazo Tipo de ítem Koha
        Biblioteca del Ateneo de Madrid Biblioteca del Ateneo de Madrid Depósito 2 17/01/2008     C-51136 1133688 23/02/2023 23/02/2023 Libro impreso